Neighbouring But Not Bordering Countries - Statistics

General Stats
  • This quiz has been taken 103 times
    84 since last reset
  • The average score is 51 of 73
Answer Stats
Country Bordering Countries Neighbouring Countries % Correct
Taiwan China
92%
Bangladesh India, Myanmar China
92%
Japan Russia
88%
United States Canada, Mexico Russia
88%
Papua New Guinea Indonesia Australia
86%
Sri Lanka India
86%
Kuwait Iraq, Saudi Arabia Iran
86%
United Arab Emirates Saudi Arabia, Oman Iran
86%
South Korea North Korea Japan
86%
Brunei Malaysia Indonesia
84%
Singapore Indonesia
84%
Philippines Malaysia
84%
Singapore Malaysia
84%
Japan South Korea
84%
Qatar Saudi Arabia United Arab Emirates
84%
United Kingdom Ireland France
82%
Netherlands Belgium, Germany France
82%
Antigua and Barbuda France (Guadaloupe)
82%
Dominica France (Guadaloupe / Martinique)
82%
St Lucia France (Martinique)
82%
Comoros France (Mayotte)
82%
Tunisia Algeria, Libya Italy
82%
Malta Italy
82%
Liechtenstein Switzerland, Austria Italy
82%
Monaco France Italy
82%
Bangladesh India, Myanmar Nepal
82%
Bhutan China, India Nepal
82%
Solomon Islands Papua New Guinea
82%
Australia Papua New Guinea
82%
Bahrain Qatar
82%
United Arab Emirates Saudi Arabia, Oman Qatar
82%
Cyprus Turkey
82%
Qatar Saudi Arabia Bahrain
80%
Bhutan China, India Bangladesh
80%
Nepal China, India Bangladesh
80%
Bangladesh India, Myanmar Bhutan
80%
Nepal China, India Bhutan
80%
Taiwan Philippines
80%
Lebanon Syria, Israel Jordan
78%
Bahrain Saudi Arabia
78%
Philippines Taiwan
78%
Mongolia Russia, China Kazakhstan
75%
Bahamas United States
73%
Yemen Saudi Arabia, Oman Somalia
69%
Yemen Saudi Arabia, Oman Djibouti
67%
Yemen Saudi Arabia, Oman Eritrea
65%
Papua New Guinea Indonesia Solomon Islands
65%
Sweden Norway, Finland Germany
63%
Liechtenstein Switzerland, Austria Germany
63%
Sweden Norway, Finland Denmark
61%
Estonia Russia, Latvia Finland
61%
Denmark Germany Sweden
61%
Gambia Senegal Guinea
59%
Haiti Dominican Republic Cuba
57%
Guinea-Bissau Senegal, Guinea Gambia
57%
Denmark Germany Poland
57%
Gambia Senegal Guinea-Bissau
55%
United States Canada, Mexico Bahamas
53%
Lebanon Syria, Israel Palestine
53%
United Kingdom Ireland Belgium
51%
Belize Mexico, Guatemala Honduras
51%
Cuba Haiti
49%
Netherlands Belgium, Germany Luxembourg
49%
El Salvador Guatemala, Honduras Nicaragua
45%
Equatorial Guinea Cameroon, Gabon Nigeria
43%
St Vincent and the Grenadines St Lucia
41%
St Lucia St Vincent and the Grenadines
41%
Grenada St Vincent and the Grenadines
41%
Trinidad and Tobago Venezuela
39%
Nicaragua Honduras, Costa Rica El Salvador
37%
St Vincent and the Grenadines Grenada
35%
Antigua and Barbuda St Kitts and Nevis
35%
St Kitts and Nevis Antigua and Barbuda
33%
No matching quizzes found
Score Distribution
Percent of People with Each Score
Percentile by Number Answered
Your Score History
You have not taken this quiz since the last reset